El nuevo gerente estratégico (Registro nro. 17083)
[ vista simple ]
| 000 -LEADER | |
|---|---|
| fixed length control field | 00323 a2200109 4500 |
| 001 - CONTROL NUMBER | |
| control field | ART_2041 |
| 005 - DATE AND TIME OF LATEST TRANSACTION | |
| control field | 20260410161722.0 |
| 008 - FIXED-LENGTH DATA ELEMENTS--GENERAL INFORMATION | |
| fixed length control field | 260409a |
| 100 1# - MAIN ENTRY--PERSONAL NAME | |
| Personal name | Troentle, Daniel |
| 245 10 - TITLE STATEMENT | |
| Title | El nuevo gerente estratégico |
| 773 0# - HOST ITEM ENTRY | |
| Title | Administración de empresas |
| Related parts | - Año XIX, Nº 218 (may. 1988) |
| Record control number | REV2036 |
No hay ítems disponibles.